Pepsi Ingredients Quiz - Statistics

General Stats
  • This quiz has been taken 16 times
  • The average score is 4 of 8
Answer Stats
- Ingredients - % Correct
----- Sugar
93%
----- Carbonated Water
86%
----- Citric Acid
43%
----- High Fructose Corn Syrup
43%
----- Caramel Color
29%
----- Phosphoric Acid
29%
----- Caffeine
21%
----- Natural Flavor
21%
No matching quizzes found
Score Distribution
Percent of People with Each Score
Percentile by Number Answered
Your Score History
You have not taken this quiz